000 00789nam a2200253 a 4500
001 4825
003 BD-RjUL
005 20211208233949.0
008 160728s1961 nyu b 001 0 eng
035 _a(BD-RjUL)4860
040 _aDLC
_cTxU-Da
_dNcRS
_dOCoLC
_dUk
_dDLC
_dBD-RjUL
_beng
041 _aeng
082 _a341
_bRAU 1961
_223
100 1 _aRajan, Mannaraswamighala Sreeranga.
_915222
245 1 0 _aUnited Nations and domestic jurisdiction.
_cby M. S. Rajan.
250 _a2d ed.
260 _aNew York :
_bAsia Pub. House,
_cc1961
300 _axi, 539 p. ;
_c25 cm.
504 _aIncludes Index and Bibliography
650 0 _aJurisdiction (International law)
_910974
651 _aUnited Nations.
_9139940
710 2 _aIndian Council of World Affairs.
_915224
942 _2ddc
_cBK
999 _c4825
_d4825